000 00824nam a2200217 a 4500
001 000038453
003 OSt
005 20201008134823.0
008 130411s2006 dr 000 0 spa d
020 _a9580472823
040 _aDO-SdBNP
_bspa
_cDO-SdBNP
100 _aLencioni, Patrick
_964795
240 _aThe five temptations of a ceo
_lEspañol
245 4 _aLas cinco tentaciones de un gerente :
_buna fábula sobre el liderazgo /
_cPatrick Lencioni ; traducción Adriana de Hassan.
260 _aSanto Domingo :
_bNorma,
_c2006.
300 _a150 p. ;
_c22 cm.
505 0 _tIntroducción --
_tLa fábula --
_tEpílogo --
_tEl modelo : resumen de las razones por las cuales fracasan los ejecutivos --
_tAutoevaluación --
590 _aInventariado,2020/VM
700 1 _aHassan, Adriana
_etr.
_964796
942 _2ddc
_cLF1
999 _c37943
_d37943